000 00548nam a2200205Ia 4500
999 _c66572
_d66572
003 0100
005 20170523121724.0
008 130303s9999 xx 000 0 und d
040 _cARRUPELIB
050 _aDT433.584.E84 2008
245 _aEthnicity, Conflict, and the Future of African States
260 _bPaulines Publications Africa
_aNairobi
_c2008
300 _a118p.
300 _b 21cm.
650 _aKenya
_xPolitics
_y1963
_930733
650 _aConflict management
_xKenya
_930973
700 _aTarimo, Aquiline ; Manwelo, Paulin eds.
_930974
942 _2lcc
_cMONOGRAPH